01861nam a22001697a 4500999001900000008004100019100003500060245013700095260003400232300003200266520109500298650012601393773003401519906002401553942000701577952010701584 c521895d521895230301b ||||| |||| 00| 0 eng d aJohnson, Cassidy et al 937829 aCo-producing knowledge to address disaster risks in informal settlements in Dar es salaam, Tanzania: Pathways toward urban equality? aEnvironment and Urbanization  a34(2), Oct, 2022: p.349-371 aIn Dar es Salaam, Tanzania, small-scale and everyday disasters are a manifestation of the multidimensional inequalities faced by residents of informal settlements. The co-production of knowledge about disaster and other risks, bringing together residents with local NGOs and local government representatives, is a potential entry point for addressing inequalities. This paper reports on such a co-production process in two informal settlements, carried out by the Centre for Community Initiatives with the Tanzania Urban Poor Federation and local government at the Mtaa level, and it looks at how community assessments of risks travel into local governance and policymaking. The involvement of Mtaa officials in this process has led to incremental changes in local governance, for example better linking of local budgets with disaster risk reduction (DRR) priorities and the representation of civil society on the municipal disaster management committees. The paper also points to the challenges of achieving integration of DRR and development activities at the local level. – Reproduced  aAfrica, Community, Co-production, Disaster risk reduction, Informality, Participation, Tanzania, Urban equality. 936177 aEnvironment and Urbanization  aDISASTER MANAGEMENT cAR 00102ddc40709396579aIIPAbIIPAd2023-03-01h34(2), Oct, 2022: p.349-371pAR128164r2023-03-01yAR